Advertising as communication

Sparad:
Bibliografiska uppgifter
Huvudupphovsman: Dyer, Gillian
Materialtyp: Bok
Språk:Undetermined
Publicerad: New York Methuen, Inc 1982
Ämnen:
Taggar: Lägg till en tagg
Inga taggar, Lägg till första taggen!
Thư viện lưu trữ: Trung tâm Học liệu Trường Đại học Cần Thơ
LEADER 00467nam a2200181Ia 4500
001 CTU_83454
008 210402s9999 xx 000 0 und d
082 |a 659.119 
082 |b D996 
100 |a Dyer, Gillian 
245 0 |a Advertising as communication 
245 0 |c Gillian Dyer 
260 |a New York 
260 |b Methuen, Inc 
260 |c 1982 
650 |a Advertising 
904 |i QHieu(sửa) 
980 |a Trung tâm Học liệu Trường Đại học Cần Thơ